LIBRARY & INFORMATION CENTRE, KCAET, TAVANUR

ONLINE PUBLIC ACCESS CATALOGUE (OPAC)

Activated sludge process: Theory and practice / (Record no. 5724)

MARC details
000 -LEADER
fixed length control field 00538cam a2200181ua 4500
041 ## - LANGUAGE CODE
Language code of text/sound track or separate title eng
082 ## - DEWEY DECIMAL CLASSIFICATION NUMBER
Classification number 628.354
Item number GAN/AC
100 ## - MAIN ENTRY--AUTHOR NAME
Personal name Ganczarczyk, Jeszy J .
245 ## - TITLE STATEMENT
Title Activated sludge process: Theory and practice /
250 ## - EDITION STATEMENT
Edition statement 1 /
260 ## - PUBLICATION, DISTRIBUTION, ETC. (IMPRINT)
Place of publication New York :
Name of publisher Marcel Dekker Inc. ,
Year of publication 1983.
300 ## - PHYSICAL DESCRIPTION
Number of Pages 270 ; .
490 0# - SERIES STATEMENT
Series statement Pollution engineering Technology,
Volume number/sequential designation 23
942 ## - ADDED ENTRY ELEMENTS (KOHA)
Koha item type Books
Holdings
Withdrawn status Lost status Damaged status Home library Current library Date acquired Full call number Accession Number Koha item type
      KAUAET KAUAET 27/03/1987 628.354 16165 Books
free website counter